Сводка радиоразведки по Германии № 8 о состоянии, боевой подготовке и дисклокации германских сухопутных, военно-воздушных и воен...

RUSMARC
00004116cbm0a2200265#x 450
001a503e89b-f841-4913-87e2-b59d767c1164
00520200421123305.0
100##$a20200415j19361005k###0rusy50 ca
1010#$arus
102##$aRU
1221#$ad19361005##
$ad19361101##
2001#$aСводка радиоразведки по Германии № 8 о состоянии, боевой подготовке и дисклокации германских сухопутных, военно-воздушных и военно-морских сил, составленная в РУ РККА. Сопроводительное письмо заместителя начальника РУ РККА А. Х. Артузова наркому внутренних дел СССР Н. И. Ежову от 1 ноября 1936 г. с приложением сводки
$jне ранее 5 октября 1936 г.
251##$cДокумент
300##$aСводка – подлинник, сопроводительное письмо – подлинник
461#0$12001
$aФ. 3
$1251
$cФонд
$1852
$j3
462#0$12001
$aОп. 3
$1251
$cОпись
$1852
$j3
462#0$12001
$aД. 1042
$vЛ. 1–15
$1251
$cДело
$1852
$j1042
605##$2prlib_sh
$3LIBNET\UAF\0000088514
$aВторая мировая война в архивных документах (Комплекс оцифрованных архивных документов, кино- и фотоматериалов)
$lколлекция
617##$aСССР
$f1936
$2prlib_sh
617##$aГермания
$f1936
$2prlib_sh
801#0$aRU
$bПБ им. Б.Н. Ельцина
$c20200415
801#1$aRU
$bПБ им. Б.Н. Ельцина
$c20200415
$2rusmarc
801#2$aRU
$bПБ им. Б.Н. Ельцина
$c20200421
$2rusmarc
850##$aЦентральный архив Федеральной службы безопасности России
852##$aЦА ФСБ России
$jЛ. 1–15
035##$aLIBNET\0001069314
937##$d144091196
$hЦентральный архив Федеральной службы безопасности России
8564#$uhttp://readingroom.main.prlib.ru/item.aspx?id_node=n144091196&mode=full
Формат отображения